<?xml version="1.0" encoding="UTF-8"?>
<record
    xmlns:xsi="http://www.w3.org/2001/XMLSchema-instance"
    xsi:schemaLocation="http://www.loc.gov/MARC21/slim http://www.loc.gov/standards/marcxml/schema/MARC21slim.xsd"
    xmlns="http://www.loc.gov/MARC21/slim">

  <leader>00849nam a2200157   4500</leader>
  <controlfield tag="008">700.74 L477y</controlfield>
  <datafield tag="020" ind1=" " ind2=" ">
    <subfield code="a">9789881624031</subfield>
  </datafield>
  <datafield tag="082" ind1=" " ind2=" ">
    <subfield code="a">700.74</subfield>
    <subfield code="b">L477y</subfield>
  </datafield>
  <datafield tag="100" ind1=" " ind2=" ">
    <subfield code="a">Kit, Lee</subfield>
    <subfield code="9">7124</subfield>
  </datafield>
  <datafield tag="245" ind1=" " ind2=" ">
    <subfield code="a">&#xB4;You (you)`</subfield>
  </datafield>
  <datafield tag="260" ind1=" " ind2=" ">
    <subfield code="a">Hong Kong</subfield>
    <subfield code="b">Hong Kong Art Development Council</subfield>
    <subfield code="b">West Kowloon Cultural District Authority</subfield>
    <subfield code="c">2013</subfield>
  </datafield>
  <datafield tag="300" ind1=" " ind2=" ">
    <subfield code="a">196 p.</subfield>
    <subfield code="b">il. (col)</subfield>
    <subfield code="c">30 x 25 cm</subfield>
  </datafield>
  <datafield tag="505" ind1=" " ind2=" ">
    <subfield code="t">Me (me) - something personal</subfield>
    <subfield code="r">Lars Nittve</subfield>
    <subfield code="t">Lee kit: a slice of life</subfield>
    <subfield code="r">Pauline J. Yao</subfield>
    <subfield code="t">Conversation</subfield>
    <subfield code="r">Yung Man, Lee Kit</subfield>
    <subfield code="t">&#xB4;That was life, no a social obligation`</subfield>
    <subfield code="t">Raymond</subfield>
    <subfield code="t">In pieces</subfield>
    <subfield code="t">Memory, let go</subfield>
    <subfield code="t">Something happened</subfield>
    <subfield code="t">Getting lost in temples</subfield>
    <subfield code="t">Why do i have privilege?</subfield>
    <subfield code="t">Truly existing</subfield>
    <subfield code="t">We are all beautiful, we are all romantic</subfield>
  </datafield>
  <datafield tag="650" ind1=" " ind2=" ">
    <subfield code="x">arte - instalaci&#xF3;n</subfield>
    <subfield code="x">Italia</subfield>
    <subfield code="x">Bienal de Venecia</subfield>
    <subfield code="x">Hong Kong</subfield>
    <subfield code="x">Cat&#xE1;logo de exhibici&#xF3;n</subfield>
    <subfield code="9">7125</subfield>
  </datafield>
  <datafield tag="700" ind1=" " ind2=" ">
    <subfield code="a">Nittve, Lars (curadur&#xED;a) </subfield>
    <subfield code="9">7126</subfield>
  </datafield>
  <datafield tag="999" ind1=" " ind2=" ">
    <subfield code="c">1824</subfield>
    <subfield code="d">1824</subfield>
  </datafield>
  <datafield tag="952" ind1=" " ind2=" ">
    <subfield code="0">0</subfield>
    <subfield code="1">0</subfield>
    <subfield code="2">ddc</subfield>
    <subfield code="4">0</subfield>
    <subfield code="7">0</subfield>
    <subfield code="a">LV</subfield>
    <subfield code="b">LV</subfield>
    <subfield code="c">Eventos y Bienales</subfield>
    <subfield code="d">2019-08-07</subfield>
    <subfield code="l">0</subfield>
    <subfield code="o">700.74 L477y</subfield>
    <subfield code="p">002041</subfield>
    <subfield code="r">2019-08-07 00:00:00</subfield>
    <subfield code="w">2019-08-07</subfield>
    <subfield code="y">01</subfield>
  </datafield>
</record>
